000 01017nam a22002177a 4500
003 DO-SdBNP
005 20210830143815.0
007 ta
008 210830b1998 ab||| |||| 00| 0 spa
040 _aDO-SdBNP
_bspa
_cBNPHU
082 _222
110 0 1 _aRepública Dominicana.
_bSecretaría de Estado de Obras Públicas y Comunicaciones ;
_eDirección General de Reglamentos y Sistemas DGRS
_935775
245 0 1 _aReglamento para el diseño y construcción de media a baja tensión :
_b reglamento No. 347-98 del 11 de septiembre de 1998 /
_cSecretaría de Estado de Obras Públicas y comunicaciones
260 _aSanto Domingo :
_bSecretaría de Estado de Obras Públicas y comunicaciones SEOPC.,
_c1998
300 _a59 p. :
_bil. ; mapas
_c27 cm.
500 _aIncluye apéndice.
505 _aIndice de contenido.
_t1. Generalidades
_t2.Tipos de subestaciones
_t3. Sistema de puesta a tierra
_t4. Uso de subestaciones y restriciones
590 _aInventariado, 2021 / SA
910 _aSaquino
942 _2ddc
_cLBS1
999 _c50326
_d50326